| 000 | 01425nab a22002657a 4500 | ||
|---|---|---|---|
| 999 |
_c5306 _d5306 |
||
| 003 | OSt | ||
| 005 | 20250217211630.0 | ||
| 008 | 190603e xxum|||| |||| 00| 0 spa d | ||
| 040 | _cPJ-TDF | ||
| 100 |
_94895 _aMoyano, Mauricio |
||
| 245 | 1 | 0 |
_a¿El testador quiere o no quiere a sus sobrinos? / _cMauricio Moyano. |
| 260 |
_cCiudad Autónoma de Buenos Aires : _aThomson Reuters La Ley, _b2023. |
||
| 300 | _ap. 185-187 | ||
| 500 | _aCita: TR LALEY AR/DOC/1484/2023. | ||
| 505 | _aSumario: I. Introducción.— II. La aplicación de la ley en el tiempo respecto de los testamentos.— III. ¿Siempre se encuentra legitimado el cesionario para intentar excluir a un heredero?— IV. La nueva solución del Cód. Civ. y Com. respecto del derecho de representación en la sucesión testamentaria (nuevamente aplicando la teoría del afecto presunto). | ||
| 505 | _tFallo comentado: CNCiv., sala L, 07/03/2023. - R., J. E. s/ sucesión testamentaria. | ||
| 505 | _t¿Te interesa el texto completo? Solicitalo al correo: koha@justierradelfuego.gov.ar | ||
| 650 | 0 |
_9888 _aSUCESIONES |
|
| 650 | 0 |
_91115 _aTESTAMENTOS |
|
| 650 | 0 |
_94484 _aTESTAMENTO OLÓGRAFO |
|
| 650 | 0 |
_96359 _aDERECHO DE REPRESENTACION |
|
| 650 | 0 |
_91497 _aCODIGO CIVIL Y COMERCIAL |
|
| 773 | 0 |
_02713 _93170 _dCiudad Autónoma de Buenos Aires : Thomson Reuters La Ley, 2015- _tRevista Código Civil y Comercial. Nº 5 - Octubre 2023 |
|
| 942 |
_2udc _cANA |
||